000 00848cam a2200265 a 4500
001 2618903
005 20180115070652.0
008 980427s1999 caua b 001 0 eng d
010 _a 98085621
020 _a0122538404
035 _a(OCoLC)40462599
040 _aOAU
_cOAU
_dDNAL
_dDLC
041 _aeng
042 _alccopycat
070 0 _aQH450.G4627
_b1999
080 _a572.865 FER
082 0 0 _a572.865 FER
_221
100 _a11
101 _aBIO
245 0 0 _aGene expression systems :
_cedited by Joseph M. Fernandez and James P. Hoeffler.
504 _aIncludes bibliographical references and index.
906 _a7
_bcbu
_ccopycat
_d2
_eopcn
_f19
_gy-gencatlg
942 _2ddc
_cBK
999 _c40262
_d40262